Searching into chemistry : questions for secondary schools (Record no. 21974)

MARC details
000 -LEADER
fixed length control field 00519nam a22001937a 4500
003 - CONTROL NUMBER IDENTIFIER
control field OSt
005 - DATE AND TIME OF LATEST TRANSACTION
control field 20181023123309.0
008 - FIXED-LENGTH DATA ELEMENTS--GENERAL INFORMATION
fixed length control field 181023b xxu||||| |||| 00| 0 eng d
020 ## - INTERNATIONAL STANDARD BOOK NUMBER
International Standard Book Number 050022326
040 ## - CATALOGING SOURCE
Original cataloging agency LB-BrCRDP
082 ## - DEWEY DECIMAL CLASSIFICATION NUMBER
Classification number 540.7 H181s
100 ## - MAIN ENTRY--PERSONAL NAME
Personal name William C. Hall
245 ## - TITLE STATEMENT
Title Searching into chemistry : questions for secondary schools
260 ## - PUBLICATION, DISTRIBUTION, ETC.
Place of publication, distribution, etc. Edinburgh
Name of publisher, distributor, etc. Oliver & Boyd
Date of publication, distribution, etc. 1970
300 ## - PHYSICAL DESCRIPTION
Extent 111p
Dimensions 21cm
630 ## - SUBJECT ADDED ENTRY--UNIFORM TITLE
Uniform title Chemistry
630 ## - SUBJECT ADDED ENTRY--UNIFORM TITLE
Uniform title Problems, exercises, etc. Chemistry.
942 ## - ADDED ENTRY ELEMENTS (KOHA)
Source of classification or shelving scheme Dewey Decimal Classification
Koha item type Books
Holdings
Withdrawn status Lost status Source of classification or shelving scheme Damaged status Not for loan Home library Current library Date acquired Total Checkouts Full call number Barcode Date last seen Price effective from Koha item type
    Dewey Decimal Classification     مكتبة المطبعة - سن الفيل مكتبة المطبعة - سن الفيل 10/23/2018   540.7 H181s crdp017577 10/23/2018 10/23/2018 Books